Countries of Asia in Alphabetical Order - Statistics

General Stats
  • This quiz has been taken 63 times
  • The average score is 35 of 48
Answer Stats
Hint Answer % Correct
Armenia
97%
Azerbaijan
94%
A Afghanistan
92%
B Bahrain
83%
Bhutan
83%
Brunei
83%
China
83%
C Cambodia
81%
J Japan
81%
K Kazakhstan
81%
O Oman
81%
I India
78%
Jordan
78%
Kyrgyzstan
78%
Q Qatar
78%
E East Timor
75%
Indonesia
75%
V Vietnam
75%
Y Yemen
75%
Bangladesh
72%
G Georgia
72%
Iran
72%
Iraq
72%
Mongolia
72%
N Nepal
72%
North Korea
72%
L Laos
69%
T Taiwan
69%
Uzbekistan
69%
Kuwait
67%
Lebanon
67%
Maldives
67%
Myanmar
67%
P Pakistan
67%
South Korea
67%
Tajikistan
67%
Turkmenistan
67%
U United Arab Emirates
67%
Israel
64%
M Malaysia
64%
Syria
64%
Thailand
64%
Turkey
64%
Cyprus
58%
Philippines
58%
S Saudi Arabia
56%
Singapore
53%
Sri Lanka
50%
No matching quizzes found
Score Distribution
Percent of People with Each Score
Percentile by Number Answered
Your Score History
You have not taken this quiz